Радиолюминесценция кристаллов LIF при импульсном электронном возбуждении; Современные техника и технологии

Dettagli Bibliografici
Parent link:Современные техника и технологии.— 2000.— С. 322-324.
Autore principale: Гречкина Т. В.
Altri autori: Корепанов В. И., Лисицына Л. А.
Lingua:russo
Pubblicazione: 2000
Soggetti:
Natura: MixedMaterials Capitolo di libro
KOHA link:https://koha.lib.tpu.ru/cgi-bin/koha/opac-detail.pl?biblionumber=76635

MARC

LEADER 00000naa2a2200000 4500
001 76635
005 20231031091835.0
035 |a (RuTPU)RU\TPU\book\82147 
090 |a 76635 
100 |a 20050427d2000 k y0rusy50 ca 
101 0 |a rus 
102 |a RU 
200 1 |a Радиолюминесценция кристаллов LIF при импульсном электронном возбуждении  |f Т. В. Гречкина, В. И. Корепанов, Л. А. Лисицына 
320 |a Библиогр.: 3 назв. 
463 0 |0 (RuTPU)RU\TPU\book\25688  |t Современные техника и технологии  |o Труды VI международной научно-практической конференции студентов, аспирантов и молодых ученых, 28 февраля - 3 марта 2000 года, Томск  |f М-во образования РФ; ТПУ  |v С. 322-324.  |d 2000  |p 478 с. 
610 1 |a радиолюминесценция 
610 1 |a кристаллы 
610 1 |a электронное возбуждение 
610 1 |a импульсное возбуждение 
610 1 |a спектроскопия 
610 1 |a люминесцентная спектроскопия 
610 1 |a наносекунды 
610 1 |a воздействие радиации 
610 1 |a труды учёных ТПУ 
700 1 |a Гречкина  |b Т. В. 
701 1 |a Корепанов  |b В. И. 
701 1 |a Лисицына  |b Л. А. 
801 1 |a RU  |b 63413507  |c 20050427  |g PSBO 
942 |c BK